01269nam a22002897a 450000500170000000800410001702000150005802000180007304000640009104100080015524501420016326001550030530000330046050000280049350400410052165000490056265000430061165100440065470000370069870000310073570000290076670000320079570000340082771000390086171000560090071000230095620150217081943.0130821s2006 xxua gr spa  a1597820091 a9781597820097 aCO-BoUCMbspacJose A. Gerena (modificó)dDiana Londoño00aspa03aLa política de las políticas públicas cErnesto Stein, coordinadorbprogreso económico y social en América Latina informe 2006 aWashington, D.C. Cambridge, MA MéxicobBanco Interamericano de Desarrollo David Rockefeller Center for Latin American Studies Planeta Mexicanac2006 ax, 314 páginasbgráficas aIncluye lista de siglas aIncluye referencias bibliográficas 7aAdministración públicazAmérica Latina 7aPolítica públicazAmérica Latina 4aAmérica LatinaxPolítica y gobierno1 aEchebarría, Koldoecoordinador1 aLora, Eduardoecoordinador1 aPayne, Markecoordinador1 aStein, Ernestoecoordinador1 aTommasi, Marianoecoordinador2 aBanco Interamericano de Desarrollo2 aDavid Rockefeller Center for Latin American Studies2 aHarvard University